| 000 | 00747cam a2200241u 4500 | ||
|---|---|---|---|
| 999 |
_c528263 _d528263 |
||
| 001 | 6576867 | ||
| 003 | NUST | ||
| 005 | 20190905060618.0 | ||
| 008 | 801223s1961 dcu b 000 0 eng | ||
| 010 | _a 63065105 | ||
| 038 | _aM.SOHAIL | ||
| 040 |
_aDLC _cCarP _dDLC |
||
| 050 | 0 | 0 |
_aZ5064.A28 _bU66 |
| 082 |
_a629.136 _bDOT |
||
| 110 | 1 |
_aUnited States. _bFederal Aviation Agency. _bLibrary Services Division. [from old catalog] _919969 |
|
| 245 | 1 | 0 | _aAirport site selection; |
| 260 |
_aWashington, _c1967. |
||
| 300 |
_ap. cm. _c27cm |
||
| 650 | 0 |
_aAirports _xLocation _vBibliography. _919970 |
|
| 830 | 0 |
_aIts Bibliographic list _vno. 1. [from old catalog] _919971 |
|
| 906 |
_a0 _bcbc _cpremunv _du _encip _f19 _gy-gencatlg |
||
| 942 |
_2ddc _cBK |
||